000 00266nam a22001217a 4500
082 _a891.4392
100 _aNaseem Hajazi
245 _aKalisa Aur Aag
260 _aLahore
_bJahangir Publisher
_c2011.
300 _a428p. ;
_b22cm
500 _aHardcover
942 _cBK
999 _c33058
_d33058